[Event "ROM-ch U12 Boys"]
[Site "Voineasa"]
[Date "2008.04.16"]
[Round "7"]
[White "Macsin, Mihai"]
[Black "Sabau, Horea"]
[Result "0-1"]
[WhiteElo "401"]
[BlackElo "401"]
[PlyCount "32"]
[EventDate "2008.04.08"]
[EventType "swiss"]
[EventRounds "9"]
[EventCountry "ROU"]
[SourceTitle "EXT 2013"]
[Source "ChessBase"]
[SourceDate "2012.11.22"]
[SourceVersion "1"]
[SourceVersionDate "2012.11.22"]
[SourceQuality "1"]

1. e4 e5 2. Nf3 Nf6 3. Nc3 Nc6 4. Bb5 d6 5. 0-0 Bd7 6. Bc4 Nb4 7. Ng5 d5 8. exd5 Nbxd5 9. Nxd5 Nxd5 10. d4 Be7 11. f4 Bxg5 12. fxg5 Be6 13. Bxd5 Qxd5 14. dxe5 Qxe5 15. c4 0-0 16. Qd4 Qxd4+ 0-1

[Event "ROM-ch U12 Boys"]
[Site "Voineasa"]
[Date "2008.04.15"]
[Round "5"]
[White "Cucu, George"]
[Black "Macsin, Mihai"]
[Result "1-0"]
[WhiteElo "401"]
[BlackElo "401"]
[PlyCount "27"]
[EventDate "2008.04.08"]
[EventType "swiss"]
[EventRounds "9"]
[EventCountry "ROU"]
[SourceTitle "EXT 2013"]
[Source "ChessBase"]
[SourceDate "2012.11.22"]
[SourceVersion "1"]
[SourceVersionDate "2012.11.22"]
[SourceQuality "1"]

1. d4 d5 2. Nf3 Nc6 3. e3 Bg4 4. Nbd2 e6 5. h3 Bh5 6. g4 Bg6 7. Bb5 a6 8. Bxc6+ bxc6 9. Ne5 Be4 10. Nxe4 dxe4 11. f3 exf3 12. Qxf3 Qe7 13. Qxc6+ Kd8 14. Qxa8# 1-0